00276nam a2200109Ia 4500008004100000100003600041245002600077260002600103650001300129942000700142999001700149190216s9999||||xx |||||||||||||| ||und|| aNarayanan Nambeeshan Avinisseri 0aOru Gramathinde Katha bPoorna Pubs Kozhikode aKathakal cBK c27392d27392